| 000 | 01155nam0a2200337 4500 | ||
|---|---|---|---|
| 001 | RU\NLR\bibl\115869 | ||
| 005 | 20250617094345.0 | ||
| 010 |
_a5-89692-042-3 _95000 |
||
| 021 |
_aRU _b2000-27605 _91304 |
||
| 035 | _a(NLR Aleph) 000113459 | ||
| 090 |
_a644261 _c644261 |
||
| 100 | _a20001101d2000 |||y0rusy50 ca | ||
| 101 | 1 |
_arus _ceng |
|
| 102 | _aRU | ||
| 105 | _aa ||||||||| | ||
| 200 | 1 |
_aНЛП-консультирование _fРой Бэйли _g[Пер. с англ. Сидоров Алексей] |
|
| 210 |
_aМ. _cКСП+ _d2000 |
||
| 215 |
_a317,[1] с. _cил. _d22 |
||
| 225 | 1 | _aБиблиотека NLP | |
| 300 | _aЗагл. и авт. ориг.: NLP counselling/ Roy Bailey | ||
| 320 | _aБиблиогр.: с.313-316 | ||
| 454 | 0 |
_12001#$aNLP counselling$fRoy Bailey _tNLP counselling |
|
| 606 | 0 |
_aНейролингвистическое программирование _91070284 _3RU\NLR\auth\6698234 |
|
| 686 | _aЮ948.1-82 | ||
| 700 | 1 |
_aБэйли _bР. _gРой _4070 |
|
| 801 | 0 |
_aRU _bNLR _c20001101 _gPSBO |
|
| 801 | 1 |
_aRU _bNLR _c20001101 |
|
| 852 |
_aNLR _j2000-3/12772 |
||
| 942 | _cBOOK | ||
| 980 | _aNB | ||